Gene sharing and evolution : (رقم التسجيلة. 21358)
[ عرض عادي ]
| 000 -الفاتح | |
|---|---|
| حقل البيانات ثابتة الطول | 01557cam a22004097a 4500 |
| 001 - رقم الضبط | |
| رقم الضبط | 14378211 |
| 003 - محدد رقم الضبط | |
| رقم الضبط | OSt |
| 005 - وقت وتاريخ اخر تعامل مع التسجيلة | |
| رقم الضبط | 20150408114012.0 |
| 008 - عناصر البيانات ثابتة الطول - معلومات عامة | |
| حقل البيانات ثابتة الطول | 060516s2007 maua b 001 0 eng |
| 010 ## - رقم ضبط مكتبة الكونجرس | |
| رقم ضبط مكتبة الكونجرس | 2006045769 |
| 015 ## - رقم الببليوجرافية الوطنية | |
| رقم الببليوجرافية الوطنية | GBA689965 |
| المصدر | bnb |
| 016 7# - رقم ضبط الوكاله الوطنية للضبط الببليوجرافي | |
| رقم ضبط التسجيلة | 013584026 |
| المصدر | Uk |
| 016 7# - رقم ضبط الوكاله الوطنية للضبط الببليوجرافي | |
| رقم ضبط التسجيلة | 101301025 |
| المصدر | DNLM |
| 020 ## - الرقم الدولى المعيارى للكتب | |
| الرقم الدولى المعيارى للكتاب | 0674023412 (cloth : alk. paper) |
| 020 ## - الرقم الدولى المعيارى للكتب | |
| الرقم الدولى المعيارى للكتاب | 9780674023413 (cloth : alk. paper) |
| 035 ## - رقم ضبط النظام | |
| رقم ضبط النظام | (OCoLC)ocm69680142 |
| 035 ## - رقم ضبط النظام | |
| رقم ضبط النظام | (OCoLC)69680142 |
| 040 ## - مصدر الفهرسة | |
| وكالة الفهرسة الأصلية | DLC |
| وكالة النسخ | DLC |
| وكالة التعديل | BAKER |
| -- | UKM |
| -- | BTCTA |
| -- | C#P |
| -- | YDX |
| -- | YDXCP |
| -- | YUS |
| -- | IXA |
| -- | AGL |
| -- | COO |
| -- | NLM |
| -- | VP@ |
| -- | DLC |
| 042 ## - رمز التحقق | |
| رمز التحقق | pcc |
| 050 00 - رقم طلب مكتبة الكونجرس | |
| رقم التصنيف | QH450 |
| رقم المادة | .P53 2007 |
| 082 ## - رقم تصنيف ديوى العشرى | |
| رقم الطبعة | 22 |
| رقم التصنيف | 572.6 |
| 100 1# - المدخل الرئيسى - إسم شخصى | |
| الإسم الشخصى | Piatigorsky, Joram. |
| 9 (RLIN) | 10386 |
| 245 10 - بيان العنوان | |
| العنوان | Gene sharing and evolution : |
| بقية العنوان | the diversity of protein functions / |
| بيان المسئوليه,etc | Joram Piatigorsky. |
| 260 ## - PUBLICATION, DISTRIBUTION, ETC. (IMPRINT) | |
| مكان الناشر او الموزع | Cambridge, Mass. : |
| اسم الناشر او الموزع | Harvard University Press, |
| تاريخ النشر أو التوزيع | 2007. |
| 300 ## - الوصف المادى | |
| التعداد | xv, 320 p. : |
| تفاصيل ماديه اخرى للوعاء | ill. (some col.) ; |
| أبعاد الوعاء | 25 cm. |
| 504 ## - تبصرة ببليوجرافية | |
| تبصرة ببليوجرافية,الخ | Includes bibliographical references (p. 241-305) and index. |
| 650 #0 - المدخل الاضافى بالموضوع-مصطلح موضوعى | |
| مصطلح موضوعي أو اسم جغرافي كعنصر مدخل | Genetic regulation. |
| 9 (RLIN) | 10387 |
| 650 #0 - المدخل الاضافى بالموضوع-مصطلح موضوعى | |
| مصطلح موضوعي أو اسم جغرافي كعنصر مدخل | Proteins |
| التقسيم الفرعي العام | Evolution. |
| 9 (RLIN) | 10388 |
| 650 #0 - المدخل الاضافى بالموضوع-مصطلح موضوعى | |
| مصطلح موضوعي أو اسم جغرافي كعنصر مدخل | Eye |
| التقسيم الفرعي العام | Molecular aspects. |
| 9 (RLIN) | 10389 |
| 650 #0 - المدخل الاضافى بالموضوع-مصطلح موضوعى | |
| مصطلح موضوعي أو اسم جغرافي كعنصر مدخل | Crystalline lens. |
| 9 (RLIN) | 10390 |
| 650 12 - المدخل الاضافى بالموضوع-مصطلح موضوعى | |
| مصطلح موضوعي أو اسم جغرافي كعنصر مدخل | Gene Expression. |
| 9 (RLIN) | 10391 |
| 650 22 - المدخل الاضافى بالموضوع-مصطلح موضوعى | |
| مصطلح موضوعي أو اسم جغرافي كعنصر مدخل | Eye Proteins |
| التقسيم الفرعي العام | genetics. |
| 9 (RLIN) | 10392 |
| 650 22 - المدخل الاضافى بالموضوع-مصطلح موضوعى | |
| مصطلح موضوعي أو اسم جغرافي كعنصر مدخل | Lens, Crystalline. |
| 9 (RLIN) | 10393 |
| 856 41 - الوصول و الموقع الالكترونى | |
| مواد محددة | Table of contents only |
| معرف المصدر الموحد | <a href="http://www.loc.gov/catdir/toc/fy0712/2006045769.html">http://www.loc.gov/catdir/toc/fy0712/2006045769.html</a> |
| 942 ## - عناصر المدخل الإضافي( كوها) | |
| مصدر التصنيف او مخطط الترفيف | Dewey Decimal Classification |
| Koha [default] item type | كتاب |
| حالة الفقد | نموذج السعر الفعال | حالة تلف | ليس للاعارة | رقم الطلب | تاريخ الاكتساب | الموقع الحالي | الباركود | الفرع الرئيسي | Date last seen | نوع المادة فى نظام كوها | مصدر التصنيف او خطة الترفيف | Total Checkouts |
|---|---|---|---|---|---|---|---|---|---|---|---|---|
| 2013-03-10 | 572.6 P J G | 2012-04-10 | مكتبة مجمع الطالبات بالمجمعة (EMF) | 00076278 | مكتبة مجمع الطالبات بالمجمعة (EMF) | 2013-03-10 | كتاب | Dewey Decimal Classification | ||||
| 2013-03-10 | 572.6 P J G | 2012-04-10 | مكتبة مجمع الطالبات بالمجمعة (EMF) | 00076277 | مكتبة مجمع الطالبات بالمجمعة (EMF) | 2013-03-10 | كتاب | Dewey Decimal Classification |
